The Criminal Behavior of Gang Members and Non-Gang, At-Risk Youth

Guardado en:  
Detalles Bibliográficos
Autor principal: Huff, C. Ronald (Autor)
Tipo de documento: Electrónico Artículo
Lenguaje:Inglés
Publicado: Sage 1996
En:Enthalten in: Gangs in America, 2nd Edition (1996), NCJ 165300
Acceso en línea: Volltext (lizenzpflichtig)
Verificar disponibilidad: HBZ Gateway

MARC

LEADER 00000caa a22000002c 4500
001 1912500159
003 DE-627
005 20250126054948.0
007 cr uuu---uuuuu
008 241217s1996 xx |||||o 00| ||eng c
035 |a (DE-627)1912500159 
035 |a (DE-599)KXP1912500159 
040 |a DE-627  |b ger  |c DE-627  |e rda 
041 |a eng 
084 |a 2,1  |2 ssgn 
100 1 |a Huff, C. Ronald  |e VerfasserIn  |0 (DE-588)1034693417  |0 (DE-627)746172702  |0 (DE-576)175086311  |4 aut 
109 |a Huff, C. Ronald 
245 1 4 |a The Criminal Behavior of Gang Members and Non-Gang, At-Risk Youth 
264 1 |b Sage  |c 1996 
336 |a Text  |b txt  |2 rdacontent 
337 |a Computermedien  |b c  |2 rdamedia 
338 |a Online-Ressource  |b cr  |2 rdacarrier 
773 0 8 |i Enthalten in  |t Gangs in America, 2nd Edition  |g (1996), NCJ 165300 
773 1 8 |g year:1996  |g number:NCJ 165300 
787 0 8 |i Forschungsdaten  |a Huff, C. Ronald  |t Criminal Behavior of Gangs in Aurora and Denver, Colorado, and Broward County, Florida: 1993-1994  |d [Erscheinungsort nicht ermittelbar] : [Verlag nicht ermittelbar], 2000  |w (DE-627)1840061197 
856 4 0 |u http://www.ncjrs.gov/abstractdb/search.asp  |x Verlag  |z lizenzpflichtig  |3 Volltext  |7 1 
935 |a mkri 
951 |a AR 
ELC |a 1 
LOK |0 000 xxxxxcx a22 zn 4500 
LOK |0 001 4637465656 
LOK |0 003 DE-627 
LOK |0 004 1912500159 
LOK |0 005 20241217044258 
LOK |0 008 241217||||||||||||||||ger||||||| 
LOK |0 035   |a (DE-2619)ICPSR15003 
LOK |0 040   |a DE-2619  |c DE-627  |d DE-2619 
LOK |0 092   |o n 
LOK |0 852   |a DE-2619 
LOK |0 852 1  |9 00 
LOK |0 935   |a uvkn  |a nacp 
LOK |0 939   |a 17-12-24  |b l01 
ORI |a SA-MARC-krimdoka001.raw